000 00492nam a2200181Ia 4500
008 131103s9999 xx 000 0 und d
040 _aLoreto College
041 _aEnglish
082 _a944.04/BEL
_bLCLIB/15829
100 _aBellec, H
245 4 _aThe French revolution
_cH Bellec
260 _aLondon
_b[s.n.]
_c[19?]
300 _a256p.
_b .
_c 19 cm.
650 _aFrench Revolution
651 _aFrance - History,Revolution1789 - 1804
850 _aLCLIB/944.04/BEL
942 _cBK
999 _c25113
_d75592